[Event "EU-Cup 30th"]
[Site "Bilbao"]
[Date "2014.09.18"]
[Round "5.2"]
[White "Topalov, Veselin"]
[Black "Nakamura, Hikaru"]
[Result "1-0"]
[WhiteElo "2784"]
[BlackElo "2782"]
[Annotator "Krasenkow,M"]
[PlyCount "157"]
[EventDate "2014.09.14"]
[EventType "team-swiss"]
[EventRounds "7"]
[EventCountry "ESP"]
[SourceTitle "CBM 163"]
[Source "ChessBase"]
[SourceDate "2014.11.11"]
[SourceVersion "1"]
[SourceVersionDate "2014.11.11"]
[SourceQuality "1"]
[WhiteTeam "SOCAR"]
[BlackTeam "Padova"]
[WhiteTeamCountry "AZE"]
[BlackTeamCountry "ITA"]

1. d4 Nf6 2. c4 g6 3. Nc3 Bg7 4. e4 d6 5. Be2 O-O 6. Nf3 e5 7. O-O Nc6 8. d5
Ne7 9. b4 a5 10. bxa5 c5 11. a4 Rxa5 12. Ra3 Ra6 13. Ne1 {[%mdl 32] A typical
plan: Ne1-d3 and possibly f2-f4. However, I don't like it in this particular
position. Other options:} (13. Re1 {with the idea Be2-f1 (or Qd1-c2) and then
Nc3-b5. This is a bit artificial. E.g.} Kh8 14. Qc2 Ne8 15. Nb5 Ng8 16. Bf1 f6
17. g3 Nh6 18. Bg2 Nf7 19. Bd2 Bd7 20. Rb1 f5 21. Nc3 b6 {0-1 (39) Stern,R 
(2461)-Lanka,Z (2504) Rostock 2002 - Black obtained a solid position.}) (13.
Nd2 {followed by Nc3-b5 and Bc1-b2 is very logical. A relatively recent
example:} Nd7 14. Nb5 f5 15. exf5 gxf5 16. f4 $1 exf4 17. Rxf4 Ng6 18. Rf1 Nde5
19. Nf3 f4 20. Nxe5 Bxe5 21. Bg4 Kh8 22. Bxc8 Qxc8 23. Qh5 Qd7 24. Bd2 Qg7 25.
Kh1 $14 {1-0 (42) Buhmann,R (2541)-Babaev,R (2479) Boeblingen 2008}) 13... Nd7
14. Nd3 (14. Nb5 f5 15. exf5 {0-1 (40) Karttunen,M (2275)-Solleveld,M (2295)
Sas van Gent 1998} {can now be met with} Nxf5 {as White doesn't control the
e4-square.}) 14... h6 {I am not sure Black should cover the g5-square.} (14...
Nb6 $5 15. Qb3 f5 16. exf5 (16. f3 f4 $5) 16... Nxf5 17. Nb5 Nd7 18. f4 e4 19.
Nf2 Re8 20. Qc2 Nf6 $13 {1/2 (30) Lputian,S (2633)-Smirin,I (2649) Kemer 2007})
(14... f5 {is quite natural:} 15. f4 fxe4 $1 (15... exf4 16. Nxf4 Bd4+ 17. Kh1
Bxc3 (17... Nf6 18. Nb5 Be5 19. Nd3 $1 fxe4 20. Nxe5 dxe5 21. Be3 Nd7 22. Rxf8+
Kxf8 23. d6 $16 {1-0 (54) Rychagov,A (2506)-Banikas,H (2542) Athens 2000}) 18.
Rxc3 Ne5 19. Bb2 fxe4 20. Re3 g5 21. Nh5 $36 {1/2 (26) Simmelink,J (2315)
-Fabiani,J (2378) IECG 2002}) 16. Nxe4 Nf5 17. Kh1 Qe7 18. fxe5 Nxe5 19. Nxe5
Qxe5 20. Ng5 Bd7 21. Bf4 Qd4 $13 {0-1 (39) Nikcevic,N (2409)-Djukic,N (2503)
Cetinje 2010}) 15. f4 {A logical consequence of Nf3-e1-d3. It is important
that White's knight controls the e5-square.} (15. f3 f5 16. Nf2 {is passive.
The key to this position is the fact that White can't break through on the
queenside; therefore, he should prepare some play on the kingside, which is
very dfficult after f2-f3 f5-f4. Here is an example:} Nf6 17. g3 g5 18. Bd2 Rf7
19. Qc2 Bf8 20. Rb1 Rg7 21. Bd3 f4 22. g4 h5 23. h3 Ng6 24. Kf1 Rh7 25. Ke2 Be7
26. Nb5 Kf7 27. Raa1 Nh4 28. Rg1 Bd7 29. Qb3 Qc8 {1/2 (29) Irwanto,S (2452)
-Spasov,V (2578) Turin 2006}) 15... exf4 16. Nxf4 (16. Bxf4 f5 $132) 16... Ne5
{Black has established a blockade but White is not too concerned. Black's
pieces are constricted, his e7-knight is placed extremely poorly, merely
getting in the way of his pieces. The only problem for White is how to break
through.} 17. Kh1 Kh7 18. Nb5 Ng8 19. Qc2 Nf6 {The knight has improved its
position but still it would be much better for Black to get rid of it
altogether.} 20. h3 Qe7 (20... g5 21. Nd3 Nfd7 {was an option but Black didn't
want to weaken the light squares in his camp.}) 21. Bd2 Bd7 22. a5 Kg8 23. Re3
b6 {A double-edged decision since the a- and b-files are more likely to be
used by White due to his space advantage.} 24. Nd3 bxa5 (24... Nxd3 $5 25. Bxd3
bxa5 26. Nxd6 (26. Bc3 a4) 26... Rxd6 27. e5 Nxd5 $5 28. exd6 Qxe3 29. Bxe3
Nxe3 30. Qd2 Nxf1 31. Bxf1 a4 $132) 25. Nxe5 Qxe5 26. Bc3 Qg5 27. Ref3 Ne8 {
[%csl Re8]} 28. Bxg7 Kxg7 29. Nc3 a4 (29... Qe5 30. Qb2 {[%cal Rb2b7]} {
although after} Ra8 31. Qb7 Rd8 {Black's position is very solid.}) 30. Qb2 {
[%cal Rb2b7,Rc3a4]} Qd8 $6 (30... Ra5 $5 31. Nxa4+ Qe5) 31. Nxa4+ Kg8 32. Nc3 {
The blockade on e5 has been lifted, and White's chances are preferable due to
Black's poor e8-knight.} Rb6 33. Qd2 Qg5 34. Qa2 Bc8 35. Qa8 Qd8 36. Qa5 Qc7
37. Nb5 Qb7 38. Qd2 Kg7 39. Qc3+ Kg8 (39... f6 40. Rg3 {[%csl Rg6][%cal Re2h5]}
Kh7 41. Bd3 $40 {[%cal Re4e5]}) 40. e5 $16 dxe5 41. Qxe5 Bd7 42. Nc3 Nd6 43.
Rf6 Qb8 44. Qf4 Nf5 (44... Bf5 45. g4 (45. Qxh6 Qd8 46. Qg5 Rb3) 45... Bc2 46.
h4 $16) 45. Ne4 Qxf4 46. Rxf4 Rb1+ 47. Kh2 Rb2 48. Bd3 Rc8 49. Ra6 Kg7 50. Nf6
Ne3 51. Nxd7 Nxg2 52. Kg3 Nxf4 53. Kxf4 {Besides a material advantage, White
now has a strong passed pawn, and Black's c5-pawn is very weak.} Rf2+ 54. Ke5
Rf3 55. Be4 $1 Re8+ (55... Rxh3 56. Nf6 {[%cal Yd5d6,Yd6d7]}) 56. Re6 $1 fxe6
57. Bxf3 {[%mdl 4096]} exd5+ 58. Kxd5 Re3 59. Bg4 h5 60. Be6 g5 61. Nxc5 g4 62.
hxg4 h4 {This pawn doesn't help Black; White successfully stops it.} 63. Kd4
Ra3 64. Bd5 h3 65. Ne6+ $2 (65. Nd3 $142 h2 66. Nf2) 65... Kf6 66. Nc5 h2 $2 {
Black misses a golden chance:} (66... Kg5 67. Ne4+ Kxg4 68. c5 h2 69. c6 Kf4 $1
{, and White can't win, e.g.} 70. Nf2 (70. Nc3 Ra7 71. Nb5 Re7 72. c7 Rd7 $11)
70... Ra7 71. Kc5 Ra5+ 72. Kb6 (72. Kd6 Rxd5+ 73. Kxd5 Kf3 74. Nh1 Kg2 75. c7
Kxh1 76. c8=Q Kg2 $11) 72... Rxd5 73. c7 Rd2 74. c8=Q Rxf2 $11) 67. Ne4+ Ke7
68. Nf2 Ra1 69. Ke3 Rf1 70. c5 Rc1 71. c6 Kd6 72. Bg2 Rc2 73. g5 Ke5 74. g6
Rc3+ 75. Nd3+ Kf6 76. Be4 Ke6 77. Kd4 Ra3 78. c7 Ra4+ 79. Kc3 1-0

[Event "POL-ch 63rd"]
[Site "Krakow"]
[Date "2006.03.04"]
[Round "8"]
[White "Wojtaszek, Radoslaw"]
[Black "Socko, Bartosz"]
[Result "0-1"]
[WhiteElo "2605"]
[BlackElo "2610"]
[Annotator "Stohl,I"]
[PlyCount "126"]
[EventDate "2006.02.25"]
[EventType "tourn"]
[EventRounds "13"]
[EventCountry "POL"]
[EventCategory "12"]
[SourceTitle "CBM 112"]
[Source "ChessBase"]
[SourceDate "2006.06.07"]
[SourceVersion "1"]
[SourceVersionDate "2006.06.07"]
[SourceQuality "1"]

1. d4 Nf6 2. c4 g6 3. g3 Bg7 4. Bg2 O-O 5. Nf3 d6 6. O-O Nc6 7. Nc3 a6 (7...
Bf5 8. b3 Ne4 9. Nd5 Bd7 10. Bb2 e6 11. Nf4 f5 12. e3 (12. Nd3 Qe7 13. b4 a6
14. a4 g5 15. e3 Nd8 16. Nd2 Nf6 17. b5 $14 {Stohl,I-Maiwald,J/BL 9899/1999/})
12... g5 13. Nd3 Ne7 14. Nd2 Nxd2 15. Qxd2 Bc6 16. f4 g4 17. Bxc6 bxc6 18. Qa5
h5 19. Rfe1 Qd7 20. Re2 Rae8 21. Rae1 h4 22. Nf2 hxg3 23. hxg3 Ng6 24. e4 $36 {
Dobrov,V-Kurenkov,N/Samara/2004/ The siginificance of these 2 examples will
become clear soon enough.}) 8. h3 Bf5 $5 {A rare line, the more usual
alternatives are} (8... Rb8 {and the more topical}) (8... Bd7) 9. b3 {We have
a well-known theoretical position with the extra moves h3 and a6. It's not so
easy to say immediately which one is more useful, in any case White's idea
doesn't seem to highlight the pluses of having played h3.} (9. d5 Na5 (9... Na7
$5 10. Nd4 Bd7 11. e4 c5 12. dxc6 Nxc6 13. Be3 Nxd4 14. Bxd4 Qc8 $1 15. Bxf6
Bxf6 16. Nd5 Bxh3 17. Nb6 Qc6 18. Nxa8 Bxg2 19. Kxg2 Qxe4+ {Hudecek,
J-Shtyrenkov,V/Pardubice/1992/} 20. Qf3 Qxf3+ 21. Kxf3 Rxa8 22. Rac1 $11 {/=/+}
) 10. Nd4 Bd7 11. b3 c5 (11... Qc8 12. Kh2 c5 13. dxc6 bxc6 14. Be3 c5 15. Nf3
Nc6 16. Qd2 Re8 17. Bh6 Bh8 18. Rac1 Rb8 19. e4 a5 20. Rfe1 Nd4 21. Nxd4 cxd4
22. Nd5 {Vaulin,A-Ryskin,A/Ajka op/1992/} Qc5 23. Bg5 $14) 12. dxc6 Nxc6 13.
Bb2 Qc8 14. Nxc6 Bxc6 15. Qd3 Re8 (15... Bxg2 16. Kxg2 Qc6+ $11) 16. e4 b5 17.
cxb5 axb5 18. Nxb5 Qb7 19. a4 Rab8 20. Rfc1 Bxb5 21. axb5 Qxb5 22. Qxb5 Rxb5
23. e5 dxe5 24. Bc6 $14 {Vaganian,R-Inarkiev,E/Sochi rpd/2004/}) (9. Be3 e5 $5
(9... Ne4 $11) 10. d5 (10. dxe5 $142) 10... Ne7 11. c5 Ne4 12. Na4 dxc5 13. g4
Bc8 14. Nxc5 Nd6 15. Nd2 b6 16. Nce4 Bb7 17. Nxd6 cxd6 18. Nc4 b5 19. Bb6 Qb8
20. Ne3 Bc8 21. Ba5 f5 $36 {[%csl Rg1] ->>>,Madebrink,L-Ekelund,P/Helsingborg/
1991/}) (9. Nh4 Bd7 10. b3 Qc8 11. d5 Na5 12. Kh2 b5 13. cxb5 axb5 14. Bd2 Qb7
15. e4 c5 $1 16. f4 b4 17. Ne2 Nxd5 (17... c4 $5 $36) 18. exd5 Bxa1 19. Qxa1
Nxb3 20. Qb2 Nxd2 21. Qxd2 Bb5 22. Re1 Bxe2 23. Rxe2 $13 {Jaracz,P-Socko,B/
POL-ch Poznan/2005/}) (9. Ne1 Ne8 (9... Qc8 $5 10. g4 (10. Kh2 Nxd4 11. Qxd4
Ng4+ 12. hxg4 Bxd4 13. Nd5 Qd7 14. gxf5 c6 $17) 10... Bd7 $132 {[%csl Rg1] עg1
}) 10. e4 Bd7 11. Nc2 Na5 12. b3 c5 13. Be3 Nc6 14. Qd2 Qa5 15. a3 cxd4 16.
Nxd4 Nxd4 17. Bxd4 Nf6 18. Rfd1 Qd8 19. Rac1 Bc6 20. b4 $14 {(),Marovic,
D-Nemet,I/YUG-ch Umag/1972/}) 9... Ne4 10. Nd5 $146 {[%mdl 8]} ({Wojtaszek is
ambitious. Just one round earlier White played the simple} 10. Bb2 Nxc3 11.
Bxc3 Be4 12. Qd2 d5 13. Rad1 e6 14. Ne5 Nxe5 15. dxe5 Bxg2 16. Kxg2 dxc4 17.
Qf4 Qc8 18. Qxc4 Rd8 19. Qe4 Rb8 20. Rd3 Rxd3 21. Qxd3 Bf8 22. Rd1 Be7 23. h4
Qe8 24. Qd7 Kf8 25. h5 Rd8 $11 {Grabarczyk,M-Socko,B/POL-ch Krakow/2006/})
10... Bd7 (10... e6 11. Ne3 Nc3 12. Qd2 Nxd4 13. Nxd4 Bxd4 14. g4 Nxe2+ 15.
Qxe2 Bxa1 16. gxf5 $16) 11. Bb2 e6 12. Nf4 f5 $13 {[%csl Rh3] <=>>> White's >>
is more vulnerable due to h3 in comparison with the 2 games from the first
note. This should give Black enough play.} 13. Rc1 {This seems a bit pointless.
} (13. Nd3 $142 {as the N needs to go away in any case.}) 13... g5 14. Nd3 Qe7
15. d5 {Now White's N gets sidetracked.} (15. e3 $11 {[%cal Yf3d2,Yb3b4,Ya2a4]
/\Nd2,b4,a4}) 15... Bxb2 16. Nxb2 Nd8 $1 17. dxe6 {Directly activates Black's
N.} (17. Nd3 e5 $15 {[+]}) (17. Nd2 Nf6 (17... Nxd2 18. Qxd2 {/\} e5 19. c5 $1
$36) 18. dxe6 Bc6 $11) 17... Nxe6 18. e3 (18. Nd2 $142 $5 $11 {still
approximately holds the balance.}) 18... Rae8 19. Nd3 (19. Nd2 Nxd2 20. Qxd2 f4
$5 $44) 19... Qg7 $15 20. Re1 (20. Nd2 Nc3 $1 21. Qh5 Rb8 {[%csl Rh5] ףh5})
20... a5 $5 {The B aims for c6, but first Black prevents Nb4.} 21. Qc2 Bc6 22.
Qb2 {White quite naturally tries to shake off the growing pressure by
simplification.} Qxb2 23. Nxb2 f4 24. exf4 gxf4 25. g4 N4g5 (25... N6c5 26. Nd4
$132) (25... N4c5 $5 $15) 26. Nxg5 Nxg5 27. Nd3 $2 {This move allows Black to
gain >>() and hem in White's B.} (27. Bxc6 $142 bxc6 28. Rxe8 (28. Kg2 $6 f3+
29. Kh2 Re2 $36) 28... Rxe8 29. Nd3 $15 {/<=>}) 27... f3 $1 28. Bf1 Kg7 (28...
Ne4 $5 $17) 29. Kh2 $6 (29. Rxe8 $142 Rxe8 30. Re1 Re4 $5 $36) 29... Ne4 30.
Re3 h5 $1 $36 31. gxh5 $8 {White can't allow Black to open the <->h.} (31. Rce1
$2 hxg4 32. hxg4 Rh8+ 33. Kg1 Rh4 34. Rxf3 Ng5 $19) 31... Kh6 32. Rc2 Kxh5 33.
Ne1 Ng5 (33... Nxf2 {-35...Nxf2}) 34. Rcc3 Ne4 {[%mdl 4096] Black simplifies
into a promising _|_, but this is not so easy to win. He could have retained
the pressure and the tension with} (34... Kh4 $17 {or}) (34... Rg8 $17) 35. Rc2
Nxf2 36. Rxe8 Rxe8 37. Nxf3 $8 Nxh3 (37... Nd1 38. Nd4 $132) 38. Kxh3 (38. Nd4
Nf4 39. Nxc6 bxc6 $17) 38... Bxf3 39. Kg3 Be4 40. Re2 Kg5 41. Bg2 Kf5 42. Bxe4+
(42. Rf2+ $6 Ke5 $1 {/\} 43. Bxe4 Rg8+ 44. Kh3 (44. Kf3 Rf8+ $19) 44... Kxe4
45. Rf7 Rc8 $19 {and White's K is too far away.}) 42... Rxe4 43. Rh2 Re7 (43...
Re3+ 44. Kf2 Rc3 45. Rh5+ $15) (43... Re5 44. Rh7 Rc5 45. Kf3 $15) 44. Kf3 {
A circumspect decision - White spurns the P and prefers to improve his K first.
} (44. Rh5+ Ke4 45. Rxa5 c6 (45... Kd3 $5 $36) 46. Kf2 Kd3 $36) 44... b6 45.
Rh5+ Kf6 46. Rh8 Kg7 47. Rd8 Kf6 48. Rh8 Kf7 49. Kf2 Kg7 50. Rd8 Kf6 51. Rh8
Kg5 52. Kf3 Kf5 53. Rf8+ Ke6 {To make progress, Black can't keep White's K cut
off and must allow it to cross the <->e.} 54. Ke4 $2 {Here the K will be
exposed.} (54. Ke3 Rh7 55. Rf2 Rh3+ 56. Kd2 a4 57. Kc2 $15 {/-/+ still retains
drawing chances.}) 54... Rh7 {[%csl Ra2][%cal Rh7h2] /\Rh2,><a2} 55. Rf2 Rh3 $1
{[%csl Re4] עe4} 56. Rg2 c5 $5 {[%cal Ra5a4,Ye6d7,Yd7c6] /\a4,Kd7-c6} (56...
Kd7 57. Kd4 Kc6 $17) 57. Rg7 {White lashes out and loses quickly, but the
position was already beyond saving anyway.} (57. Rd2 a4 58. Rb2 b5 $5 59. cxb5
d5+ 60. Kf4 Rh4+ 61. Ke3 Rb4 $17 {/-+}) 57... a4 $19 58. bxa4 (58. Rg6+ Kd7 59.
Kd5 Rh5+ 60. Ke4 axb3 61. axb3 Rh3 $19) 58... Rc3 59. Ra7 (59. Rg6+ Kd7 60. Kd5
Rd3+ 61. Ke4 Rd4+ $19) 59... Rxc4+ 60. Kd3 Kd5 61. Ra6 Rb4 62. Kc3 Kc6 63. Ra7
(63. a5 Kb7 $19) 63... Rh4 {[%csl Gc5,Gd6][%cal Yd6d5] /\d5,o^c,d} 0-1

[Event "Olympiad-40"]
[Site "Istanbul"]
[Date "2012.08.30"]
[Round "3.1"]
[White "Vachier Lagrave, Maxime"]
[Black "Topalov, Veselin"]
[Result "1-0"]
[WhiteElo "2686"]
[BlackElo "2752"]
[Annotator "Krasenkow,M"]
[PlyCount "135"]
[EventDate "2012.08.28"]
[EventType "team-swiss"]
[EventRounds "11"]
[EventCountry "TUR"]
[SourceTitle "CBM 151"]
[Source "ChessBase"]
[SourceDate "2012.11.13"]
[SourceVersion "1"]
[SourceVersionDate "2012.11.13"]
[SourceQuality "1"]
[WhiteTeam "France"]
[BlackTeam "Bulgaria"]
[WhiteTeamCountry "FRA"]
[BlackTeamCountry "BUL"]

1. d4 Nf6 2. c4 g6 3. g3 Bg7 4. Bg2 O-O 5. Nf3 d6 6. O-O Nbd7 7. Nc3 e5 8. e4
exd4 9. Nxd4 Re8 10. h3 Nc5 11. Re1 Bd7 12. Rb1 h6 13. f3 {A rare continuation
in this line, which was thoroughly analysed by GM Lubomir Ftacnik in Lexicon07.
} (13. Kh2 {is the most common prophylactical move.}) 13... Ne6 $146 {Hardly a
successful innovation.} (13... a6 14. Be3 Qc8 (14... b5 15. cxb5 axb5 16. Ndxb5
Bxb5 17. Nxb5 Rxa2 18. Nc3 Ra8 19. e5 $1 Rxe5 20. f4 Rxe3 21. Rxe3 Rb8 22. b4
$16 {1/2 Arsovic,G (2399)-Spasov,V (2590)/Plovdiv 2011/CBM 140 Extra}) 15. g4 (
15. Qd2 $5 Kh7 16. Kh2) 15... h5 16. Qd2 hxg4 17. hxg4 Rb8 18. b4 Ne6 19. Nde2
b5 20. cxb5 axb5 21. Rbc1 $14 {1/2 Tregubov,P (2595)-Markovic,M (2530)/Budva
2002/EXT 2003 (90)}) (13... c6 14. Be3 Qc7 15. b4 Ne6 16. Nde2 a5 17. b5 cxb5
18. Nxb5 Bxb5 19. cxb5 d5 20. exd5 Qe5 21. Bf2 Qxd5 22. Qxd5 Nxd5 23. f4 $16 {
1/2 Yurtaev,L (2530)-Akopian,V (2630)/Tilburg 1994/CBM 044 (79)}) (13... a5 14.
b3 (14. Be3 $5) 14... Qc8 15. g4 h5 16. Be3 hxg4 17. hxg4 Nh7 18. Qd2 Qd8 19.
Nde2 Bc6 20. Nd5 $14 {0-1 Tregubov,P (2470)-Miljanic,B (2410)/Cetinje 1996/EXT
2000 (55)}) (13... Nh5 $5 14. g4 Ng3 15. Be3 h5 16. Qd2 {1-0 Osbahr,T (2000)
-Bergner,H (2000)/ICCF Email 2003/CBM 110 (42)} hxg4 17. hxg4 Qh4 $13) 14. Nde2
a6 (14... h5 15. h4) 15. Be3 b5 16. b3 h5 17. Qd2 (17. f4 $5) 17... Qc8 (17...
h4 18. g4 b4 19. Nd5 Nxd5 20. cxd5 Nc5 21. Rec1 $14) 18. Nd5 Rb8 19. Red1 c5 {
This move looks strange as White safely controls the d4-square. Probably GM
Veselin Topalov didn't see other good options.} (19... bxc4 20. bxc4 Nxd5 21.
cxd5 Nc5 22. h4 Rb6 23. Rdc1 $14) 20. g4 $6 (20. Ndf4 $5) 20... hxg4 21. hxg4
Bc6 (21... bxc4 22. Nxf6+ $1 (22. bxc4 Nxd5 23. cxd5 (23. Qxd5 Rxb1 24. Rxb1
Nd4 $1) 23... Nc7 $13) 22... Bxf6 23. bxc4 Ba4 24. Rdc1 $14) 22. Ndc3 (22.
Nxf6+ Bxf6 23. Qxd6 $6 Rd8 24. Qg3 bxc4 25. bxc4 Rxd1+ 26. Rxd1 Rb2) (22. Kf2
$5) 22... Rd8 23. Nd5 Rb7 24. Bh3 Re8 25. g5 Nd7 26. Bxe6 $6 {A strange
exchange. The bishop pair will be an important factor in Black's favour.} (26.
Kf2 $142 Qd8 27. f4 {although Black's position remains solid.}) 26... Rxe6 27.
Nef4 Re5 (27... Ne5 $5 28. Kf2 Re8 $36) 28. Kf2 (28. Nf6+ $5 Nxf6 29. gxf6 Bxf6
30. Qxd6 $13) 28... Qd8 29. cxb5 axb5 30. Rh1 Ra7 31. Rh2 Qa5 32. Qxa5 Rxa5 33.
Kf1 b4 {The endgame is good for Black.} 34. Rg2 Re8 35. Rd1 Ne5 $6 (35... Be5
$15 {/=}) 36. Rf2 Kf8 $2 (36... Nd7 $142 {[%cal Yg7e5]}) 37. Nf6 $1 {Black
underestimated this move. He is now in trouble.} Rd8 38. Kg2 Ke7 (38... Bxf6
39. gxf6 {[%csl Gf6]}) 39. N4d5+ Bxd5 40. Nxd5+ Kf8 41. Kg3 $16 {[%csl Gd5]}
Nc6 42. Rh2 Ne7 43. Nb6 (43. f4 $142 $14) 43... Rb5 44. Nc4 d5 45. Kg4 Bc3 (
45... Ke8 $142 46. exd5 Nxd5 47. Bf2 f5+ 48. Kg3 f4+ 49. Kg4 Kf7 $14) 46. Bf4
$1 Rb7 (46... Bd4 $142 47. Bd6 $1 dxc4 (47... Rxd6 48. Nxd6 Rb6 49. Rxd4 cxd4
50. e5 $16) 48. Rxd4 $1 cxd4 49. Rh8+ Kg7 50. Rxd8 Nc6 51. bxc4 Rxg5+ 52. Kxg5
Nxd8 53. Kf4 $16) 47. Ne5 {[%cal Rh2h7]} Bxe5 48. Bxe5 Ke8 49. Rh8+ (49. Rh7
$142 d4 50. Rh8+ Kd7 51. Bxd4 $1 Rxh8 52. Bxh8+ Kc6 53. Be5) (49. Kf4 $5) 49...
Kd7 50. Rxd8+ Kxd8 {[%mdl 4096]} 51. Bd6 Rb5 52. Bxe7+ (52. Rc1 $142 $1 {
winning a pawn without trading minor pieces;} c4 53. bxc4 dxc4 54. Rxc4 b3 55.
axb3 Rxb3 56. Rc7 Nc8 57. Be5 Rb5 58. Kf4 {is hardly a good option for Black.})
52... Kxe7 53. Rxd5 Ra5 54. Rd2 Ke6 55. f4 Ra8 $2 (55... Ra7 $142 56. Rc2 (56.
f5+ Ke5) 56... Rc7 {, and it is still difficult for White to convert his extra
pawn. He must probably bring his king to b2, play a2-a3 etc. but that
considerably simplifies the game.}) 56. f5+ Ke5 57. Rd7 $18 Kxe4 58. Rxf7 gxf5+
59. Rxf5 Rxa2 60. Rxc5 Rg2+ 61. Kh5 Rg3 62. g6 Kf4 63. Kh6 Rxb3 64. g7 Rg3 65.
Rb5 b3 66. Kh7 Rh3+ 67. Kg6 Rg3+ 68. Kf7 1-0

[Event "Sofia MTel Masters 4th"]
[Site "Sofia"]
[Date "2008.05.11"]
[Round "4"]
[White "Ivanchuk, Vassily"]
[Black "Cheparinov, Ivan"]
[Result "1-0"]
[WhiteElo "2740"]
[BlackElo "2696"]
[Annotator "Krasenkow,M"]
[PlyCount "79"]
[EventDate "2008.05.08"]
[EventType "tourn"]
[EventRounds "10"]
[EventCountry "BUL"]
[EventCategory "20"]
[SourceTitle "CBM 124"]
[Source "ChessBase"]
[SourceDate "2008.05.28"]
[SourceVersion "1"]
[SourceVersionDate "2008.05.28"]
[SourceQuality "1"]

1. d4 Nf6 2. c4 g6 3. Nc3 Bg7 4. e4 d6 5. Nf3 O-O 6. Be2 e5 7. O-O Nc6 8. d5
Ne7 9. Ne1 Nd7 10. Nd3 f5 11. Bd2 Nf6 12. f3 f4 13. c5 g5 14. Rc1 Ng6 15. cxd6
cxd6 16. Nb5 Rf7 17. Qc2 Ne8 18. Nf2 h5 19. a4 Bf8 20. h3 {[%mdl 4]} Rg7 21.
Qb3 Nh4 22. Rc2 g4 {This position is well-known in opening theory.} (22... Nf6
{and}) (22... a6 {are the most common moves.}) {The text move (an attempt of
an immediate attack) is probably premature.} 23. fxg4 Nf6 24. Be1 $1 {[%cal
Ye1h4]} hxg4 (24... Kh8 25. g3 $1 (25. Qc4 hxg4 26. Nxg4 Nxg4 27. Bxg4 Bxg4 28.
hxg4 Rxg4 29. Qd3 Qg5 $44 {1/2-1/2 Ftacnik,L-Pribyl,J/Bratislava 1983/MCD (57)}
) 25... hxg4 26. Nxg4 Nxg4 27. hxg4 Bxg4 28. Bxg4 Rxg4 29. Nc7 Rb8 30. Ne6 Qb6+
31. Qxb6 axb6 32. Kh2 $16) 25. hxg4 (25. Nxg4 Nxg4 (25... Nxe4 26. Qc4 Nc5 27.
Bf2) 26. Bxg4 Bxg4 27. hxg4 Rxg4 28. Qh3 Qg5 29. Nc7 (29. Bxh4 $6 Rxh4 30. Qe6+
Kh8 31. Rf3 Be7 32. Rfc3 Rg8 $132 {0-1 Sanchis,A-Roger,M/France 2003/EXT 2004 
(42)}) 29... Rb8 (29... Rc8 30. Ne6 Rxc2 31. Nxg5 Rgxg2+ 32. Kh1 $18) 30. Ne6
Qh5 31. Kh1 $16) 25... Nh5 {Black tries to avoid the above variation, which
would arise after} (25... Nxg4 26. Nxg4 Bxg4 27. Bxg4 Rxg4) 26. Nh1 $6 (26. Nd1
$142 $1 Bxg4 27. Bxg4 Rxg4 28. Qh3 Qg5 29. Nc7 Rc8 $1 (29... f3 30. Bxh4 Rxh4
31. Qe6+ Kh8 32. Rxf3) 30. Kh1 $1 {[%cal Rc7e6]} Rxc7 (30... Ng3+ 31. Bxg3 Rxg3
32. Qxc8 Qh5 33. Qe6+ Kh8 34. Qe8 Qh6 35. Kg1 $18) 31. Rxc7 Ng3+ 32. Bxg3 Rxg3
33. Rg1 $3 Qh5 34. Qh2 Rg6 35. Rxb7 Rh6 36. Rb3 $16) 26... f3 $6 (26... Bxg4
$142 27. Bxg4 Rxg4 28. Qh3 Qg5 29. Nc7 Rc8 $1 30. Bxh4 Qxh4 31. Qxh4 Rxh4 32.
Rfc1 Ng7 33. Nf2 Rh6 {and the endgame far from clear.}) 27. Bxf3 (27. gxf3 $1
Nf4 28. Ng3 Qb6+ 29. Bf2 Nh3+ 30. Kh2 Nxf2 31. a5 Qxa5 32. Rxf2 Qb6 33. Bc4 Bd7
34. Na3 Rh7 35. Nh5 Be7 36. Qxb6 axb6 37. Bb5 $1 $16 Rxa3 $140 38. bxa3 Bxb5
39. Rc8+ Kf7 40. f4 $18) 27... Nf4 {Looks formidable but White successfully
defends.} 28. Ng3 (28. Bxh4 {was safer but after} Qxh4 29. g3 (29. Rc7 Rg6)
29... Nh3+ 30. Kg2 Nf4+ $1 (30... Qh7 31. Nf2) 31. Kf2 Nh3+ 32. Ke1 Qd8 33. Nf2
Ng5 34. Be2 Rf7 {Black has a kind of fortress.}) 28... Bxg4 (28... Nxf3+ 29.
gxf3 Qb6+ 30. Bf2 Nh3+ 31. Kg2 Nf4+ (31... Nxf2 32. a5 $1 Qxa5 33. Rfxf2) 32.
Kh1 Rh7+ (32... Qd8 33. Bg1) 33. Nh5 Qd8 34. Bg3 Nxh5 35. gxh5 Rxh5+ 36. Bh2
$16) 29. Bxg4 Rxg4 30. Nc7 (30. Rff2 Qg5 31. Rfd2 Qf6 {[%cal Rf4g2]} 32. Rc3
Qg6 $44) 30... Rc8 $1 31. Ne6 Rxc2 $1 32. Qxc2 (32. Nxd8 $4 Rxg2+ 33. Kh1 Nf3
$1 $19) 32... Qb6+ $2 {This move misses the target.} (32... Qe8 $1 $44 {
lead to an unclear position.}) 33. Kh1 Nhxg2 (33... Nf3 $5 {was, alas,
unsatisfactory:} 34. Nxf4 Nxe1 35. Qc8 $1 Rxf4 36. Rxf4 exf4 37. Nf5 Qf2 38.
Ne7+ $1 {and White mates}) (33... Nhg6 $142 {but after} 34. Bf2 (34. Nf5 $5
Rxg2 35. Bf2 Qb4 36. Ne3 $16) 34... Qb4 35. Kg1 {White starts converting his
material advantage.}) 34. Nf5 $1 {[%mdl 2048]} Qa6 (34... Nxe6 35. dxe6 Nxe1
36. Qe2 $1 Rg5 37. e7 $18) 35. Rg1 Qd3 36. Qxd3 Nxd3 37. Bh4 Rxe4 38. Rxg2+ Kf7
39. Nxd6+ Bxd6 40. Ng5+ {Quite a typical KI game: Black's attack looked very
strong but White defended in a tense tactical fight.} 1-0